00698 a2200121 4500020001800000082001700018245003600035260003500071300001200106520035200118650007500470700003100545 a9789382845942 a025.48bLIB- aLibrary 2.0b: trends & issues  bS.K Jain & Sons c2015aJaipur av, 216p aLibrary 2.0 is the application of social media in library information centres to deliver quality information services to the users in an ever-changing dynamic environment. The book traces the origin & development of library 2.0 and highlights the features & importance of library 2.0 in the context of changing dimension of information paradigm.  aLibrary SciencevInformation Communication TechnologyvDigital Library aSatpathy, Chandra Kishor